Sports Quiz

Random Sports or State Quiz

Big East College States Quiz Stats

 Plays Quiz not verified by Sporcle

Score 0/16 Timer 03:00
0 Plays Today
Team Nickname State % Correct
????
98.1%
????
94.3%
????
91%
????
91%
????
90.2%
????
88.3%
????
87.7%
????
83.4%
Team Nickname State % Correct
????
72.8%
????
71.9%
????
71.1%
????
70.3%
????
69.5%
????
67.6%
????
65.9%
????
62.7%

You're not logged in!

Compare scores with friends on all Sporcle quizzes.
OR
Log In

Show Comments

Extras

Top Quizzes Today


Score Distribution

Your Account Isn't Verified!

In order to create a playlist on Sporcle, you need to verify the email address you used during registration. Go to your Sporcle Settings to finish the process.

Report this User

Report this user for behavior that violates our Community Guidelines.

Details: